|
|
|
|
| LEADER |
00000cam a2200000 a 4500 |
| 003 |
Ucuenca |
| 005 |
20230322065124.0 |
| 008 |
013020|1979 mx||||||||r|||||||||||spa|| |
| 040 |
|
|
|b spa
|a UCuenca-cdrjbv
|c UCuenca
|e rda
|
| 041 |
0 |
|
|a spa
|
| 082 |
0 |
|
|a 371.3
|
| 100 |
1 |
|
|9 108932
|a Larroyo, Francisco.
|d 1908-1981
|e autor
|
| 245 |
|
|
|a Didáctica general contemporánea
|c Francisco Larroyo
|
| 250 |
|
|
|a 6a ed.
|
| 264 |
|
|
|a México
|b Porrúa
|c 1979
|
| 300 |
|
|
|a xxxi, 358 páginas:
|c 22.5 cm
|
| 336 |
|
|
|2 rdacontent
|a texto
|b txt
|
| 337 |
|
|
|2 rdamedia
|a no mediado
|b n
|
| 338 |
|
|
|2 rdacarrier
|a volumen
|b nc
|
| 504 |
|
|
|a incl. ref.
|
| 650 |
|
0 |
|a Didáctica
|9 195
|2 UCuenca-cdrjbv
|
| 650 |
|
0 |
|a Enseñanza
|9 188
|
| 650 |
|
0 |
|a Motivación
|9 9517
|2 UCuenca-cdrjbv
|
| 650 |
|
0 |
|a Pedagogía
|9 197386
|
| 852 |
|
|
|a UC-CDJBV
|f Donación
|l 1
|m General
|p 20130208
|q 1.00
|r 2
|t si6833
|b 0
|d CDRC
|e CDRC
|g 371.3 ESTANTERIA CERRADA
|z 2013-30-20
|
| 942 |
|
|
|c BK
|2 ddc
|
| 999 |
|
|
|c 64960
|d 64960
|